000
00267nam a22001337a 4500
008
170529b xxu||||| |||| 00| 0 eng d
020
_a
041
_a
eng
080
_a
94
100
_a
16
101
_a
SHH
245
_a
IMPERIAL ROME
_c
HADAS,M
942
_2
udc
_c
BK
999
_c
14920
_d
14920